Be Someone- Benson Boone Lyrics - Statistics

General Stats
  • This quiz has been taken 110 times
  • The average score is 272 of 328
Answer Stats
Answer % Correct
I
100%
a
97%
be
97%
so
96%
you
96%
You
96%
go
93%
me
93%
to
93%
it
92%
love
92%
someone
92%
Someone
92%
your
92%
beautiful
90%
it's
90%
know
90%
that
90%
That
90%
the
90%
when
90%
and
89%
And
89%
can
89%
do
89%
Do
89%
much
89%
got
88%
how
88%
like
88%
Long
88%
Never
88%
night
88%
where
88%
Where
88%
From
86%
That's
86%
that's
86%
but
84%
eyes
84%
get
84%
give
84%
look
84%
time
84%
would
84%
almost
82%
behind
82%
brown
82%
hair
82%
need
82%
promise
82%
at
81%
before
81%
smallest
81%
born
79%
don't
79%
Santa
79%
sleep
79%
baby
78%
driven
78%
mom
78%
up
78%
were
78%
anything
77%
Didn't
77%
even
77%
guy
77%
hide
77%
makin
77%
unusual
77%
hard
75%
late
75%
met
75%
tell
75%
want
75%
You're
75%
doesn't
74%
for
74%
gotta
74%
is
74%
moon
74%
say
74%
call
73%
gettin
73%
Wanna
73%
Barbara
71%
goodbye
71%
Haven't
71%
I've
71%
longer
71%
believe
70%
just
68%
taking
68%
there
68%
inside
67%
life
67%
away
63%
brain
63%
tryin
63%
been
62%
tatoo
60%
carried
59%
hold
59%
live
59%
pray
59%
what
59%
alone
58%
nights
52%
cold
51%
off
45%
feet
44%
sweep
44%
Somebody
42%
Somewhere
42%
only
37%
way
32%
With
12%
with
12%
help
11%
signs
10%
No matching quizzes found
Score Distribution
Percent of People with Each Score
Percentile by Number Answered
Your Score History
You have not taken this quiz